{"text_format":"3","workbook":"xls","n_sheets":1,"sheets":["Hoja1"],"not_rendered":{"external_links":1,"defined_names":1},"read":"whole","date_system":"1900","formulas":"cached_only"}

{"sheet":"Hoja1","index":0,"n_rows":78,"n_cols":10,"rows_kept":78,"merged":[[9,0,10,0],[9,1,10,1],[9,2,10,2],[9,3,10,3],[9,4,10,4],[9,5,10,5],[9,6,10,6],[9,7,10,7],[73,5,73,6],[74,5,74,6]],"flags":["formulas_cached_only"]}
[]
["Servicio Nacional de Salud"]
["Informe Mensual de Almacén General, Despensa y Medicina "]
[]
["ALMACEN: SUMINISTRO  Y OFICINA "]
["ESTABLECIMIENTO: Hospital Yrene Fernández  REGION II"]
["AREA DE SALUD ________________________MES  ABRIL      AÑO 2020",null,"MES  OCTUBRE",null,"AÑO 2025"]
[]
[]
["ARTICULO","UNIDAD","EXISTENCIA ANTERIOR","ENTRADA","CONSUMIDO","EXISTENCIA FINAL","VALOR UNITARIO","VALOR TOTAL"]
[{"$nulls":9}," "]
["Papel  81/2 x 11","Resma ",4,20,10,14,429.99,{"v":6019.860000000001,"d":"6,019.86"}]
["Papel  81/2 x 14","Resma ",3,5,1,7,324.99,{"v":2274.9300000000003,"d":"2,274.93"}]
["Papel sumadora 2 1/4","Rollo",3,0,0,3,{"v":20,"d":"20.00"},{"v":60,"d":"60.00"}]
["Folder 8 1/2 x 11","Caja",3,12,2,13,{"v":302,"d":"302.00"},{"v":3926,"d":"3,926.00"}]
["Sobre manilla 8 1/2 x 11","UNIDAD",300,0,240,60,{"v":15,"d":"15.00"},{"v":900,"d":"900.00"}]
["Sobre manilla 14 x 17","Unidad",0,0,0,0,{"v":4.7,"d":"4.70"},{"v":0,"d":"0.00"}]
["CD ","UNIDAD",400,0,100,300,{"v":16,"d":"16.00"},{"v":4800,"d":"4,800.00"}]
["Lapiz Carbon ","Caja ",3,1,0,4,{"v":90,"d":"90.00"},{"v":360,"d":"360.00"}]
["Resaltador ","UNIDAD",8,0,6,2,{"v":29,"d":"29.00"},{"v":58,"d":"58.00"}]
["Grapadora ","UNIDAD",2,1,0,3,{"v":225,"d":"225.00"},{"v":675,"d":"675.00"}]
["Postin","Docena ","12",15,3,24,{"v":199,"d":"199.00"},{"v":4776,"d":"4,776.00"}]
["Lapicero azul ","Caja ","9",0,0,9,{"v":98,"d":"98.00"},{"v":882,"d":"882.00"}]
["Lapicero rojo","Caja ","1",0,0,1,{"v":98,"d":"98.00"},{"v":98,"d":"98.00"}]
["Borrador de leche ","Caja",1,0,0,1,{"v":256.4,"d":"256.40"},{"v":256.4,"d":"256.40"}]
["Humectante para dedos","UNIDAD",3,0,1,2,{"v":85,"d":"85.00"},{"v":170,"d":"170.00"}]
["Liquid paper ","UNIDAD ",11,0,8,3,119.99,{"v":359.96999999999997,"d":"359.97"}]
["Cinta adhesiva transparente ","UNIDAD",12,0,6,6,{"v":34,"d":"34.00"},{"v":204,"d":"204.00"}]
["Cuaderno","UNIDAD",24,0,5,19,{"v":82,"d":"82.00"},{"v":1558,"d":"1,558.00"}]
["Gomitas ","Caja ",9,0,0,9,{"v":22,"d":"22.00"},{"v":198,"d":"198.00"}]
["Tinta Rollón","UNIDAD",0,0,0,0,{"v":100,"d":"100.00"},{"v":0,"d":"0.00"}]
["Clip pequeñó","Caja",6,1,0,7,{"v":14,"d":"14.00"},{"v":98,"d":"98.00"}]
["Clip grande ","Caja",12,0,1,11,{"v":49,"d":"49.00"},{"v":539,"d":"539.00"}]
["Cartulina ","Unidad ",0,0,0,0,{"v":25,"d":"25.00"},{"v":0,"d":"0.00"}]
["Marcadores 12 udes","Unidad ",5.5,0,0,5.5,{"v":255,"d":"255.00"},{"v":1402.5,"d":"1,402.50"}]
["Grapa ","Caja",8,0,4,4,{"v":79,"d":"79.00"},{"v":316,"d":"316.00"}]
["Sacagrapa","Unidad ",4,0,1,3,{"v":25,"d":"25.00"},{"v":75,"d":"75.00"}]
["Sacapunta","Unidad",5,0,1,4,{"v":35,"d":"35.00"},{"v":140,"d":"140.00"}]
["Perforadora ","Unidad ",2,0,0,2,{"v":430,"d":"430.00"},{"v":860,"d":"860.00"}]
["Tijera ","Unidad",0,0,0,0,{"v":250,"d":"250.00"},{"v":0,"d":"0.00"}]
["Marquintel","Unidad",12,0,0,12,{"v":45,"d":"45.00"},{"v":540,"d":"540.00"}]
["Papel carbon ","Paquete ",1,0,0,1,{"v":350,"d":"350.00"},{"v":350,"d":"350.00"}]
["Toner 650","Unidad",1,1,0,2,{"v":1500,"d":"1,500.00"},{"v":3000,"d":"3,000.00"}]
["Toner 285","Unidad",3,0,1,2,{"v":1150,"d":"1,150.00"},{"v":2300,"d":"2,300.00"}]
["Toner 230","Unidad",2,0,0,2,{"v":2500,"d":"2,500.00"},{"v":5000,"d":"5,000.00"}]
["Toner 217 ","Unidad ",3,1,0,4,{"v":2500,"d":"2,500.00"},{"v":10000,"d":"10,000.00"}]
["Toner 1105A","Unidad",0,3,1,2,{"v":3186,"d":"3,186.00"},{"v":6372,"d":"6,372.00"}]
["Clip carpeta ","Caja",3,0,0,3,{"v":135,"d":"135.00"},{"v":405,"d":"405.00"}]
["Pila Duracell AAA","Paquete",1,0,0,1,{"v":160,"d":"160.00"},{"v":160,"d":"160.00"}]
["Recetarios ","Talonarios ",49,30,10,69,{"v":150,"d":"150.00"},{"v":10350,"d":"10,350.00"}]
["Talonarios analitica ","Talonarios ",0,50,10,40,{"v":150,"d":"150.00"},{"v":6000,"d":"6,000.00"}]
["Subtotal",{"$nulls":6},{"v":75483.66,"d":"75,483.66"}]
["Limpieza "]
["Cloro","Caja ",3,11,3,11,539.96,{"v":5939.56,"d":"5,939.56"}]
["Desinfectante","Caja ",3,5,3,5,819.96,{"v":4099.8,"d":"4,099.80"}]
["Jabón de cuaba en pasta ","Caja ",1,1,0.5,1.5,{"v":812,"d":"812.00"},{"v":1218,"d":"1,218.00"}]
["Ace ","Saco",3,0,0.5,2.5,{"v":973,"d":"973.00"},{"v":2432.5,"d":"2,432.50"}]
["Suavitel","Unidad",2,6,2,6,{"v":380,"d":"380.00"},{"v":2280,"d":"2,280.00"}]
["Suaper ","Unidad",4,7,4,7,294.99,{"v":2064.9300000000003,"d":"2,064.93"}]
["Escoba ","Unidad",4,3,2,5,{"v":150,"d":"150.00"},{"v":750,"d":"750.00"}]
["Jabón líquido","Galón ",3,2,2,3,{"v":275,"d":"275.00"},{"v":825,"d":"825.00"}]
["Nabaja ","Paquete",1,0,0,1,{"v":570,"d":"570.00"},{"v":570,"d":"570.00"}]
["Spray limpia espejo","Unidad",1,0,0,1,{"v":107,"d":"107.00"},{"v":107,"d":"107.00"}]
["Cepillo para inodoro","Unidad",2,0,0,2,{"v":90,"d":"90.00"},{"v":180,"d":"180.00"}]
["Funda roja 35 galones ","unidad",200,200,100,300,{"v":6,"d":"6.00"},{"v":1800,"d":"1,800.00"}]
["Toalla mediana ","Unidad",20,0,0,20,{"v":40,"d":"40.00"},{"v":800,"d":"800.00"}]
["Papel de Baño","Faldo",3,5,5,3,875.88,{"v":2627.64,"d":"2,627.64"}]
["Toalla absorbente ","Faldo",1,3,2,2,{"v":2999.88,"d":"2,999.88"},{"v":5999.76,"d":"5,999.76"}]
["Guante multiuso","Par ",9,0,0,9,{"v":117,"d":"117.00"},{"v":1053,"d":"1,053.00"}]
["funda negras 35 galones ","Unidad",200,600,200,600,32.99,{"v":19794,"d":"19,794.00"}]
["funda negras 30 galones ","Unidad",300,0,100,200,32.99,{"v":6598,"d":"6,598.00"}]
["Funda negras 55 galones ","Unidad ",500,500,400,600,32.99,{"v":19794,"d":"19,794.00"}]
["Guante small","Paquete",6,0,3,3,{"v":120,"d":"120.00"},{"v":360,"d":"360.00"}]
[{"$nulls":5},"SUBTOTAL",null,{"v":79293.19,"d":"79,293.19"}]
[{"$nulls":5},"Total general",null,{"v":154776.85,"d":"154,776.85"}]
[]
[]
["Encargada de Almacén",null,null,"Administrador ",null,null,"Directora"]